Servomotory a priemyselná elektronika pre automatizáciu a robotizáciu zborník prednášok

Bibliographic Details
Format: Book
Language:Slovak
Czech
Russian
PhysicalDescription:217 s.. [2] s. sch. príl. grafy, sch., tab. 20 cm
Published: Prešov Krajský výbor ČSVTS pre energetiku a elektrotechniku 1989
Edition:[1. vyd.]
Subjects:

MARC

LEADER 00000nam a2200000 a 4500
001 vtls008631831
003 SK-MaSNL
005 20260302015151.0
008 180815s1989 xo dl f 100 0 slo
020 |q (brož.) 
040 |a SNK  |b slo  |c SNK  |e AACR2 
041 0 |a slo  |a cze  |a rus 
044 |a xo  |c SK 
072 7 |a 62  |x Technika všeobecne  |2 konspekt 
080 |a 62-526  |2 2001 
080 |a 621.313.13  |2 2001 
080 |a 681.5  |2 2001 
080 |a 007.52  |2 2001 
080 |a (063)  |2 2001 
245 0 0 |a Servomotory a priemyselná elektronika pre automatizáciu a robotizáciu  |b zborník prednášok 
250 |a [1. vyd.] 
260 |a Prešov  |b Krajský výbor ČSVTS pre energetiku a elektrotechniku  |c 1989 
300 |a 217 s.. [2] s. sch. príl.  |b grafy, sch., tab.  |c 20 cm 
366 |e 70 výtl. 
500 |a Názov z obalu 
504 |a Bibliogr. odkazy 
546 |a Čiast. text čes., rus. 
650 0 7 |a servomechanizmy  |2 SNKPH  |9 85008 
650 0 7 |a elektrické pohony  |2 SNKPH  |9 50876 
650 0 7 |a elektrické motory  |2 SNKPH  |9 50912 
650 0 7 |a automatizácia  |2 SNKPH  |9 1428 
650 0 7 |a robotika  |2 SNKPH  |9 15115 
655 7 |a zborníky konferencií  |2 SNKPH  |9 70153 
958 |a OND 
999 |c 1020013  |d 1021943 
952 |a SNK  |b SNK  |y PREZ  |7 0  |p 17A0474718  |o snkSD 75519  |i snk2006/5747  |8 1  |0 0  |1 0  |4 0  |d 2006-03-16  |l 0  |r 2025-11-24 00:00:00  |w 2026-02-24